[Event "TCh-TUR 2011"]
[Site "Konya TUR"]
[Date "2011.07.09"]
[Round "13"]
[White "Salepci, Osman Firat"]
[Black "Cebelli, Ozel"]
[Result "1-0"]
[WhiteElo "2154"]
[BlackElo "2130"]
[WhiteTeam "Celikkol Turizm Pamukkale Universitesi S.K."]
[BlackTeam "Bursa Tophane Meslek Lisesi S.K."]
[WhiteFideId "6302343"]
[BlackFideId "6301169"]
[EventDate "2011.06.28"]

1. e4 e6 2. d4 d5 3. e5 c5 4. c3 Nc6 5. Nf3 Bd7 6. Bd3 Qb6 7. dxc5 Bxc5 8. O-O
a5 9. b3 Nge7 10. Qe2 h6 11. Na3 Nf5 12. Nc2 g6 13. Bxf5 gxf5 14. Be3 Bxe3 15.
Nxe3 Ne7 16. Nd4 Rg8 17. f4 Rc8 18. Rac1 Rxc3 19. Rxc3 Qxd4 20. Qc2 Bc6 21. Rf2
Qb6 22. Rc5 d4 23. Nc4 Qb4 24. a3 Qe1+ 25. Rf1 Qh4 26. Nd6+ Kf8 27. Rxc6 bxc6
28. g3 Qh3 29. Rd1 Nd5 30. Rxd4 Ne3 31. Qf2 Nd5 32. Rc4 Ne7 33. Rc5 a4 34. b4
Kg7 35. Ra5 Rf8 36. Rxa4 Qg4 37. Qf1 Nd5 38. Kf2 Nc3 39. Ra7 Ne4+ 40. Kg2 Nd2
41. Qd3 Ne4 42. Rd7 c5 43. Nxe4 fxe4 44. Qxe4 cxb4 45. axb4 Ra8 46. Rd2 Ra3 47.
Qe2 Qf5 48. b5 h5 49. b6 h4 50. Rb2 h3+ 51. Kf2 Ra8 52. b7 Rb8 53. Qc4 Qh7 54.
Ke3 Qh8 55. f5 exf5 56. Qh4 Qf8 57. Qg5+ Kh8 58. Qf6+ Kg8 59. Qd6 Qe8 60. Kf4
Qa4+ 61. Kxf5 Qa7 62. Qc6 Kh7 63. Qc7 Kg8 64. Qb6 Qa4 65. Rb4 Qd7+ 66. Kg5 Qe7+
67. Kf5 Qd7+ 68. Kf6 Qd1 69. Rb3 Qg4 70. Rb4 Qg6+ 71. Ke7 Qg7 72. Kd6 Qf8+ 73.
Kd5 Rd8+ 74. Qd6 Qe8 75. b8=Q Qe6+ 76. Kc5 Rc8+ 77. Kb6 Kh8 78. Ka7 Kg7 1-0

[Event "TCh-TUR 2011"]
[Site "Konya TUR"]
[Date "2011.07.09"]
[Round "13"]
[White "Komut, Burak"]
[Black "Ozen, Ali"]
[Result "1-0"]
[WhiteElo "1980"]
[BlackElo "1688"]
[WhiteTeam "Bursa Tophane Meslek Lisesi S.K."]
[BlackTeam "Celikkol Turizm Pamukkale Universitesi S.K."]
[WhiteFideId "6309984"]
[BlackFideId "6307132"]
[EventDate "2011.06.28"]

1. d4 d5 2. c4 e5 3. dxe5 d4 4. g3 Nc6 5. Nf3 Nge7 6. Bg2 Ng6 7. O-O Ngxe5 8.
Nbd2 Be6 9. Nxe5 Nxe5 10. Bxb7 Rb8 11. Bg2 Be7 12. b3 Qd7 13. Bb2 Bh3 14. Qc2
Bxg2 15. Kxg2 f5 16. Rad1 c5 17. h3 Qc6+ 18. Kh2 O-O 19. f4 Nd7 20. Rde1 Qa6 21.
e3 dxe3 22. Rxe3 Bf6 23. Bxf6 Nxf6 24. Rfe1 Rbd8 25. R1e2 Qc6 26. Qxf5 Nd5 27.
cxd5 1-0

[Event "TCh-TUR 2011"]
[Site "Konya TUR"]
[Date "2011.07.09"]
[Round "13"]
[White "Donmez, Batuhan"]
[Black "Okus, Melih"]
[Result "0-1"]
[WhiteElo "1849"]
[BlackElo "1893"]
[WhiteTeam "Bursa Tophane Meslek Lisesi S.K."]
[BlackTeam "Celikkol Turizm Pamukkale Universitesi S.K."]
[WhiteFideId "6326277"]
[BlackFideId "6305407"]
[EventDate "2011.06.28"]

1. d4 Nf6 2. c4 g6 3. Nc3 Bg7 4. e4 d6 5. Nf3 O-O 6. Be3 c6 7. Be2 Nbd7 8. O-O
Qa5 9. Qc2 e5 10. d5 cxd5 11. cxd5 a6 12. a3 Qd8 13. Rac1 Ne8 14. Nd2 f5 15. f4
exf4 16. Bxf4 g5 17. Bg3 f4 18. Bf2 Ne5 19. Na4 Bg4 20. Nf3 Bxf3 21. gxf3 b5 22.
Nc3 Rc8 23. Qd1 Nf6 24. h3 Qd7 25. Kh2 h5 26. Rg1 g4 27. hxg4 hxg4 28. fxg4 Rxc3
29. Rxc3 Nxe4 30. Bd4 Nxc3 31. Bxc3 f3 32. Bf1 Nxg4+ 33. Kg3 Qf5 0-1

[Event "TCh-TUR 2011"]
[Site "Konya TUR"]
[Date "2011.07.09"]
[Round "13"]
[White "Soysal, Serkan"]
[Black "Vatansever, Berk"]
[Result "1/2-1/2"]
[WhiteElo "1795"]
[BlackElo "1717"]
[WhiteTeam "Celikkol Turizm Pamukkale Universitesi S.K."]
[BlackTeam "Bursa Tophane Meslek Lisesi S.K."]
[WhiteFideId "6349250"]
[BlackFideId "6324738"]
[EventDate "2011.06.28"]

1. d4 d5 2. Nf3 Nf6 3. Bf4 c6 4. e3 Bf5 5. c4 e6 6. Nc3 Nbd7 7. Qb3 Qb6 8. c5
Qxb3 9. axb3 a6 10. b4 Rc8 11. h3 h5 12. Nd2 Ne4 13. Ncxe4 Bxe4 14. f3 Bg6 15.
Nb3 f6 16. Be2 Bf5 17. Bh2 e5 18. g4 hxg4 19. hxg4 Bg6 20. Kf2 Kf7 21. Bg3 Rxh1
22. Rxh1 Be7 23. Ra1 Bd8 24. f4 exf4 25. Bxf4 Bc7 26. Bxc7 Rxc7 27. Na5 Nf8 28.
Rh1 Kg8 29. Ra1 Kf7 30. Rh1 Kg8 1/2-1/2

[Event "TCh-TUR 2011"]
[Site "Konya TUR"]
[Date "2011.07.09"]
[Round "13"]
[White "Ulusoy, Nisan"]
[Black "Bal, Sevgican"]
[Result "1/2-1/2"]
[WhiteElo "1585"]
[BlackElo "1610"]
[WhiteTeam "Bursa Tophane Meslek Lisesi S.K."]
[BlackTeam "Celikkol Turizm Pamukkale Universitesi S.K."]
[WhiteFideId "6322247"]
[BlackFideId "6324894"]
[EventDate "2011.06.28"]

1. e4 c5 2. Nf3 Nc6 3. d4 cxd4 4. Nxd4 Qb6 5. Nb3 Nf6 6. Nc3 e6 7. Bd3 d6 8. Be3
Qc7 9. f4 a6 10. Qf3 Be7 11. g4 Nd7 12. h4 b5 13. O-O-O Nb4 14. Kb1 Bb7 15. g5
d5 16. Qf2 Nxd3 17. cxd3 b4 18. Na4 dxe4 19. Rc1 Qd6 20. Nac5 Nxc5 21. Nxc5 Qb8
22. Nxe4 Bd5 23. Rhf1 Qb5 24. Qd2 Rd8 25. Nc5 O-O 26. h5 Rc8 27. d4 Bxc5 28.
dxc5 Bxa2+ 29. Ka1 b3 30. Qc3 Qa4 31. Qc4 Qa5 32. Qc3 Qa4 33. Qc4 Qa5 34. Qc3 1/2-1/2

[Event "TCh-TUR 2011"]
[Site "Konya TUR"]
[Date "2011.07.09"]
[Round "13"]
[White "Nalbantoglu, Hulki"]
[Black "Tanrikulu, Erhan"]
[Result "0-1"]
[WhiteElo "2020"]
[BlackElo "2264"]
[WhiteTeam "Manisa Doruk Koleji S.K."]
[BlackTeam "Besiktas Jimnastik Kulubu"]
[WhiteFideId "6302378"]
[BlackFideId "6302092"]
[EventDate "2011.06.28"]

1. d4 d5 2. Nf3 Nf6 3. Bf4 Bf5 4. e3 e6 5. Bd3 Be7 6. h3 Nbd7 7. O-O Ne4 8. c4
c6 9. Nc3 O-O 10. c5 Bf6 11. Rc1 Re8 12. Bxe4 dxe4 13. Ne5 Bxe5 14. Bxe5 Nxe5
15. dxe5 Qg5 16. f4 exf3 17. Qxf3 Rad8 18. Rcd1 Bg6 19. Qf4 Qe7 20. Rd6 Qc7 21.
Rfd1 Rb8 22. Rd7 Qa5 23. b4 Qa3 24. Ne4 Rf8 25. R1d2 b6 26. cxb6 Rxb6 27. R7d4
h6 28. Nd6 Rxb4 29. Rxb4 Qc1+ 30. Kh2 Qxd2 31. Ra4 a5 32. Qd4 Qe1 33. Qc5 Rb8
34. Rxa5 Rb1 35. Ra8+ Kh7 36. Ra4 Qg1+ 37. Kg3 Rb2 38. Qxc6 Qxe3+ 39. Qf3 Qxe5+
40. Qf4 Qc3+ 41. Qf3 Rxg2+ 42. Kxg2 Qc2+ 43. Kg1 Qxa4 44. Qc3 Qd1+ 0-1

[Event "TCh-TUR 2011"]
[Site "Konya TUR"]
[Date "2011.07.09"]
[Round "13"]
[White "Marasli, Tutku Kahraman"]
[Black "Ciloglu, Dogu"]
[Result "1-0"]
[WhiteElo "2209"]
[BlackElo "1770"]
[WhiteTeam "Besiktas Jimnastik Kulubu"]
[BlackTeam "Manisa Doruk Koleji S.K."]
[WhiteFideId "6307493"]
[BlackFideId "6309607"]
[EventDate "2011.06.28"]

1. e4 c5 2. Nf3 Nc6 3. d4 cxd4 4. Nxd4 g6 5. Nc3 Bg7 6. Nb3 Nf6 7. Be3 O-O 8.
Be2 d6 9. f4 Be6 10. g4 Na5 11. g5 Nd7 12. Bd4 Nxb3 13. axb3 Bxd4 14. Qxd4 Qb6
15. Qd2 Nc5 16. Qe3 Na4 17. Qd2 Nxc3 18. bxc3 Rfd8 19. c4 a5 20. h4 a4 21. bxa4
Rdc8 22. h5 Bxc4 23. hxg6 Bxe2 24. gxf7+ Kg7 25. Kxe2 Rxa4 26. Rxa4 Qb5+ 27. c4
Qxa4 28. Qd4+ e5 29. fxe5 Qxc4+ 30. Qxc4 Rxc4 31. Rxh7+ Kf8 32. g6 1-0

[Event "TCh-TUR 2011"]
[Site "Konya TUR"]
[Date "2011.07.09"]
[Round "13"]
[White "Ozdemir, Timur"]
[Black "Shimanov, Aleksandr"]
[Result "0-1"]
[BlackTitle "GM"]
[WhiteElo "1957"]
[BlackElo "2583"]
[WhiteTeam "Besiktas Jimnastik Kulubu"]
[BlackTeam "Manisa Doruk Koleji S.K."]
[WhiteFideId "6303323"]
[BlackFideId "4198603"]
[EventDate "2011.06.28"]

1. d4 Nf6 2. c4 g6 3. Nc3 Bg7 4. e4 O-O 5. f3 d6 6. Be3 c6 7. Qd2 a6 8. Bd3 b5
9. Nge2 Nbd7 10. O-O e5 11. cxb5 axb5 12. Rfc1 Bb7 13. Kh1 Qe7 14. b4 exd4 15.
Nxd4 Ne5 16. a4 Nxd3 17. Qxd3 bxa4 18. Rxa4 Nd7 19. Rxa8 Rxa8 20. b5 Ne5 21. Qc2
c5 22. Nde2 Ra3 23. Nf4 Qh4 24. Nfd5 c4 25. b6 Nd3 26. Rb1 Be5 27. Bg1 f5 28.
Rf1 fxe4 29. fxe4 Rb3 30. Qd2 Rb2 31. Qe3 Qg4 32. Qf3 Qxf3 33. Rxf3 Rb3 34. Ne7+
Kg7 35. Ncd5 Rb1 36. Nc7 Nf4 37. Ned5 Bxd5 38. exd5 Bd4 0-1

[Event "TCh-TUR 2011"]
[Site "Konya TUR"]
[Date "2011.07.09"]
[Round "13"]
[White "Diril, Dogus"]
[Black "Ali Marandi, Cemil Can"]
[Result "1/2-1/2"]
[BlackTitle "FM"]
[WhiteElo "1612"]
[BlackElo "2265"]
[WhiteTeam "Manisa Doruk Koleji S.K."]
[BlackTeam "Besiktas Jimnastik Kulubu"]
[WhiteFideId "6324240"]
[BlackFideId "6300529"]
[EventDate "2011.06.28"]

1. e4 e6 2. d4 d5 3. Nd2 c5 4. exd5 Qxd5 5. Ngf3 cxd4 6. Bc4 Qd6 7. O-O Nf6 8.
Nb3 Nc6 9. Nbxd4 Nxd4 10. Nxd4 a6 11. a4 Qc7 12. Qe2 Bd6 13. Nf3 Bd7 14. Rd1 Bc6
15. h3 Bxf3 16. Qxf3 Qxc4 17. Rxd6 Nd5 18. Qg3 Kf8 19. c3 h6 20. Be3 Ne7 21. Rd4
Qc6 22. Qd6 Rc8 23. Qd8+ Rxd8 24. Rxd8+ Qe8 25. Rad1 f6 26. R1d7 Kf7 27. Rxe8
Rxe8 28. Rxb7 Kg6 29. Ra7 Nd5 30. Rxa6 Rb8 31. c4 Nxe3 32. fxe3 Rxb2 33. c5 Rc2
34. c6 Kf5 35. Rb6 e5 36. a5 Ke6 37. a6 Kd6 38. c7+ Kxc7 39. Rb7+ Kd6 40. Rxg7
Ra2 41. a7 Kd5 1/2-1/2

[Event "TCh-TUR 2011"]
[Site "Konya TUR"]
[Date "2011.07.09"]
[Round "13"]
[White "Birgelir, Melisa"]
[Black "Patel, Yesim"]
[Result "0-1"]
[WhiteElo "1735"]
[BlackElo "1804"]
[WhiteTeam "Besiktas Jimnastik Kulubu"]
[BlackTeam "Manisa Doruk Koleji S.K."]
[WhiteFideId "6300308"]
[BlackFideId "6300200"]
[EventDate "2011.06.28"]

1. e4 c5 2. Nf3 Nc6 3. c3 d5 4. exd5 Qxd5 5. d4 Nf6 6. Be3 cxd4 7. Nxd4 Nxd4 8.
Qxd4 e5 9. Qxd5 Nxd5 10. Bb5+ Bd7 11. Bxd7+ Kxd7 12. Ke2 Nxe3 13. Kxe3 Rc8 14.
Nd2 f5 15. Nf3 Ke6 16. Rad1 Bc5+ 17. Ke2 Rhd8 18. h4 Kf6 19. Rhe1 e4 20. Ng5 h6
21. Nh3 g5 22. hxg5+ hxg5 23. g3 Rh8 24. Rh1 Rh7 25. f4 exf3+ 26. Kxf3 g4+ 27.
Kg2 gxh3+ 28. Rxh3 Rxh3 29. Kxh3 Rh8+ 30. Kg2 Re8 31. Rd2 Re4 32. Kf3 Ke6 33.
Rd3 Re1 34. Rd2 Re3+ 35. Kf4 Bb6 36. Rg2 Re4+ 37. Kf3 Ke5 38. Rd2 Re3+ 39. Kg2
Ke6 40. Rf2 Bc7 41. Rf3 Rxf3 42. Kxf3 Be5 43. Kf2 Kd5 0-1

[Event "TCh-TUR 2011"]
[Site "Konya TUR"]
[Date "2011.07.09"]
[Round "13"]
[White "Kasimdzhanov, Rustam"]
[Black "Gagunashvili, Merab"]
[Result "1/2-1/2"]
[WhiteTitle "GM"]
[BlackTitle "GM"]
[WhiteElo "2685"]
[BlackElo "2603"]
[WhiteTeam "Isek Aquamatch S.K."]
[BlackTeam "Turk Hava Yollari S.K."]
[WhiteFideId "14200244"]
[BlackFideId "13601652"]
[EventDate "2011.06.28"]

1. e4 c6 2. d4 d5 3. Nc3 dxe4 4. Nxe4 Bf5 5. Ng3 Bg6 6. h4 h6 7. Nf3 Nd7 8. h5
Bh7 9. Bd3 Bxd3 10. Qxd3 e6 11. Bd2 Qc7 12. O-O-O O-O-O 13. Ne4 Ngf6 14. g3 Nxe4
15. Qxe4 Nf6 16. Qe2 Bd6 17. Kb1 Rd7 18. c4 c5 19. Bc3 cxd4 20. Nxd4 a6 21. Rc1
Qc5 22. f4 Bc7 23. b4 Qe7 24. c5 Rd5 25. Nb3 Rhd8 26. c6 Bb6 27. g4 Ne8 28. Rhe1
Qd6 29. Rh1 Qe7 30. Rhe1 Qd6 31. Qc4 f6 32. cxb7+ Kxb7 33. Qe4 Nc7 34. g5 Rf8
35. a4 Kb8 36. b5 Qa3 37. Qb4 Qxb4 38. Bxb4 Rc8 39. Rc6 Kb7 40. Bc5 Na8 41. Rxc8
Kxc8 42. gxf6 gxf6 43. Bxb6 Nxb6 44. Rxe6 Nxa4 45. bxa6 Kb8 46. Rxf6 Rxh5 47.
Nd4 Ka7 48. Kc2 Nb6 49. Kd3 Kxa6 50. Nf5 Kb7 51. Ke4 Kc7 52. Ng7 Rh1 53. Ne6+
Kd7 54. Nc5+ Kc7 55. Na6+ Kb7 56. Nc5+ Kc7 57. Rf7+ Kc6 58. Nd3 Nd7 59. Kf5 Kd6
60. Nf2 Rh5+ 61. Kg6 Ra5 62. Ne4+ Ke6 63. f5+ Rxf5 64. Rxf5 Ne5+ 65. Rxe5+ Kxe5 1/2-1/2

[Event "TCh-TUR 2011"]
[Site "Konya TUR"]
[Date "2011.07.09"]
[Round "13"]
[White "Pantsulaia, Levan"]
[Black "Genc, Cihan Sevinc"]
[Result "1-0"]
[WhiteTitle "GM"]
[WhiteElo "2613"]
[BlackElo "2213"]
[WhiteTeam "Isek Aquamatch S.K."]
[BlackTeam "Turk Hava Yollari S.K."]
[WhiteFideId "13602071"]
[BlackFideId "6304370"]
[EventDate "2011.06.28"]

1. c4 Nf6 2. g3 c6 3. Bg2 d5 4. Nf3 Bf5 5. cxd5 cxd5 6. Qb3 Qb6 7. Qxb6 axb6 8.
Nc3 Bd7 9. O-O e6 10. d3 Be7 11. e4 Bc6 12. Nd4 O-O 13. exd5 Nxd5 14. Nxd5 Bxd5
15. Bxd5 exd5 16. Bd2 Nc6 17. Bc3 Bc5 18. Nf3 Rfe8 19. Rfe1 f6 20. a3 Kf7 21.
Kf1 Rxe1+ 22. Rxe1 b5 23. Rc1 Bd6 24. Nd4 Nxd4 25. Bxd4 Ke6 26. Ke2 Kd7 27. Bc3
h5 28. h3 Ra4 29. Kf3 b4 30. axb4 b5 31. Rc2 Ra2 32. Ke3 Ke6 33. Kd4 Be5+ 34.
Kc5 Bxc3 35. Rxc3 Rxb2 36. Kxb5 Kd6 37. f4 Rg2 38. d4 Rd2 39. Rc6+ Kd7 40. Ra6
Rxd4 41. Ra7+ Kd6 42. Rxg7 h4 43. Rg6 Ke7 44. gxh4 Rxf4 45. Rg4 Rf3 46. Kc5 Ke6
47. b5 Rc3+ 48. Kb4 Rxh3 49. b6 Kd6 50. Kb5 Rb3+ 51. Rb4 Ra3 52. b7 Kc7 53. Kc5
Ra5+ 54. Rb5 1-0

[Event "TCh-TUR 2011"]
[Site "Konya TUR"]
[Date "2011.07.09"]
[Round "13"]
[White "Atalik, Ekaterina"]
[Black "Melia, Salome"]
[Result "1/2-1/2"]
[WhiteTitle "IM"]
[BlackTitle "IM"]
[WhiteElo "2436"]
[BlackElo "2444"]
[WhiteTeam "Isek Aquamatch S.K."]
[BlackTeam "Turk Hava Yollari S.K."]
[WhiteFideId "4130189"]
[BlackFideId "13602446"]
[EventDate "2011.06.28"]

1. Nf3 Nf6 2. g3 d5 3. c4 e6 4. Bg2 Be7 5. O-O O-O 6. d4 dxc4 7. Qc2 a6 8. Qxc4
b5 9. Qc2 Bb7 10. Bd2 Be4 11. Qc1 Bb7 12. Qc2 Be4 13. Qc1 Bb7 14. Qc2 1/2-1/2

[Event "TCh-TUR 2011"]
[Site "Konya TUR"]
[Date "2011.07.09"]
[Round "13"]
[White "Erbis, Baris"]
[Black "Kanli, Kaan"]
[Result "0-1"]
[WhiteElo "1933"]
[BlackElo "1919"]
[WhiteTeam "Turk Hava Yollari S.K."]
[BlackTeam "Isek Aquamatch S.K."]
[WhiteFideId "6305202"]
[BlackFideId "6309836"]
[EventDate "2011.06.28"]

1. g3 e5 2. Bg2 d5 3. d3 Nf6 4. Nf3 Nc6 5. O-O Be7 6. Nbd2 O-O 7. e4 dxe4 8.
dxe4 Bc5 9. c3 a5 10. Qc2 Qe7 11. Nc4 Rd8 12. Nh4 b6 13. Ne3 Ba6 14. Nd5 Nxd5
15. exd5 Bxf1 16. Kxf1 Na7 17. Nf5 Nc6 18. Nh4 Na7 19. Nf5 Qf6 20. h4 h6 21. g4
e4 22. Bxe4 Re8 23. Bg2 Red8 24. Be4 Re8 25. Bf4 Bd6 26. g5 hxg5 27. hxg5 Qd8
28. Bxd6 cxd6 29. g6 fxg6 30. Ng3 Qg5 31. Bxg6 Re5 32. Kg2 Nc8 33. Bf5 Ne7 34.
Be6+ Kf8 35. Rh1 Ng6 36. Kf1 Re8 37. Nf5 Qf4 38. Nd4 Qe4 39. Nf5 R8xe6 40. dxe6
Rxe6 41. Rh3 Rf6 42. Nd4 Ke7 43. Rf3 Rxf3 44. Nxf3 Nf4 45. Nd4 d5 46. a4 Ne6 0-1

[Event "TCh-TUR 2011"]
[Site "Konya TUR"]
[Date "2011.07.09"]
[Round "13"]
[White "Baglan, Esat"]
[Black "Yargici, Mazhar Kutay"]
[Result "1/2-1/2"]
[WhiteElo "1807"]
[BlackElo "1926"]
[WhiteTeam "Isek Aquamatch S.K."]
[BlackTeam "Turk Hava Yollari S.K."]
[WhiteFideId "6309216"]
[BlackFideId "6310400"]
[EventDate "2011.06.28"]

1. e4 e5 2. Nf3 Nc6 3. d4 exd4 4. Bc4 Nf6 5. O-O Nxe4 6. Re1 d5 7. Bxd5 Qxd5 8.
Nc3 Qd8 9. Nb1 Qd5 10. Nc3 Qa5 11. Nxe4 Be7 12. Bg5 Be6 13. Bxe7 Nxe7 14. Qxd4
O-O 15. Neg5 Nc6 16. Qf4 Rae8 17. c3 h6 18. Nxe6 Rxe6 19. Rxe6 fxe6 20. Qe3 Qd5
21. b3 Rd8 22. Re1 Rd6 23. h3 a6 24. Ne5 Nxe5 25. Qxe5 Qxe5 26. Rxe5 Rd1+ 27.
Kh2 Rd2 28. Rxe6 Rxf2 29. Re7 Rxa2 30. Rxc7 b5 31. Rc6 a5 32. Ra6 Ra1 33. Ra7
Rb1 34. h4 Rxb3 35. Rxa5 Rxc3 36. Rxb5 Ra3 37. g3 Kf7 38. Kh3 Ra4 39. Rb6 Rc4
40. Rb7+ Kf8 41. h5 Rd4 42. g4 Rd3+ 43. Kg2 Ra3 44. Rb5 Ra6 45. Kg3 g6 46. hxg6
Rxg6 47. Kh4 Rd6 48. Kh5 Re6 49. Rb7 Kg8 50. g5 hxg5 51. Kxg5 Ra6 52. Rc7 1/2-1/2

[Event "TCh-TUR 2011"]
[Site "Konya TUR"]
[Date "2011.07.09"]
[Round "13"]
[White "Yaka, Beyza"]
[Black "Yigit, Aleyna"]
[Result "1-0"]
[WhiteElo "1525"]
[BlackElo "1732"]
[WhiteTeam "Turk Hava Yollari S.K."]
[BlackTeam "Isek Aquamatch S.K."]
[WhiteFideId "6303641"]
[BlackFideId "6300235"]
[EventDate "2011.06.28"]

1. e4 e5 2. Nf3 Nc6 3. Bc4 Bc5 4. c3 Nf6 5. d3 a6 6. O-O Ba7 7. Re1 d6 8. Bb3 h6
9. h3 g5 10. Nh2 g4 11. hxg4 Rg8 12. Be3 Nxg4 13. Qf3 Qe7 14. Bxa7 Nxa7 15. Bd1
Nxh2 16. Kxh2 Qh4+ 17. Kg1 Bh3 18. g3 O-O-O 19. Nd2 f5 20. exf5 Rdf8 21. Re4 Qg5
22. Qe3 Qxf5 23. Qxa7 d5 24. Rb4 Rxg3+ 25. fxg3 Qxd3 26. Qxb7+ Kd7 27. Bg4+ Bxg4
28. Rxg4 Rf7 29. Rg8 Qxd2 30. Qc8+ Kd6 31. Qxa6+ c6 32. Rg6+ 1-0

[Event "TCh-TUR 2011"]
[Site "Konya TUR"]
[Date "2011.07.09"]
[Round "13"]
[White "Paichadze, Luka"]
[Black "Ibrahimov, Rasul"]
[Result "1/2-1/2"]
[WhiteTitle "IM"]
[BlackTitle "GM"]
[WhiteElo "2489"]
[BlackElo "2532"]
[WhiteTeam "Tarsus Zeka Satranc S.K."]
[BlackTeam "Deniz Genclik S.K."]
[WhiteFideId "13602934"]
[BlackFideId "13400495"]
[EventDate "2011.06.28"]

1. e4 c5 2. b3 d6 3. Bb5+ Nd7 4. Bb2 Nf6 5. Nc3 e5 6. Nge2 a6 7. Bxd7+ Bxd7 8.
O-O Be7 9. d3 O-O 10. h3 Bc6 1/2-1/2

[Event "TCh-TUR 2011"]
[Site "Konya TUR"]
[Date "2011.07.09"]
[Round "13"]
[White "Bayram, Yakup"]
[Black "Keler, Faruk"]
[Result "1/2-1/2"]
[WhiteTitle "FM"]
[WhiteElo "2268"]
[BlackElo "2231"]
[WhiteTeam "Tarsus Zeka Satranc S.K."]
[BlackTeam "Deniz Genclik S.K."]
[WhiteFideId "6300677"]
[BlackFideId "6302734"]
[EventDate "2011.06.28"]

1. d4 d5 2. c4 c6 3. cxd5 cxd5 4. Nc3 Nf6 5. Nf3 Nc6 6. Bf4 Ne4 7. Nd2 Nxd2 8.
Qxd2 Bf5 9. e3 e6 10. Be2 Bd6 11. Bxd6 Qxd6 12. O-O O-O 13. Rac1 1/2-1/2

[Event "TCh-TUR 2011"]
[Site "Konya TUR"]
[Date "2011.07.09"]
[Round "13"]
[White "Ozmen, Mustafa Lutfi Poyraz"]
[Black "Kucuk, Dogan"]
[Result "1/2-1/2"]
[WhiteElo "1670"]
[BlackElo "1885"]
[WhiteTeam "Tarsus Zeka Satranc S.K."]
[BlackTeam "Deniz Genclik S.K."]
[WhiteFideId "6329420"]
[BlackFideId "6312985"]
[EventDate "2011.06.28"]

1. d4 e6 2. c4 f5 3. Nc3 Nf6 4. Bg5 Be7 5. Nf3 O-O 6. e3 d5 7. Bd3 c6 8. O-O Ne4
9. Bxe7 Qxe7 10. Ne5 Nd7 1/2-1/2

[Event "TCh-TUR 2011"]
[Site "Konya TUR"]
[Date "2011.07.09"]
[Round "13"]
[White "Guliev, Logman"]
[Black "Sengul, Cengiz"]
[Result "1/2-1/2"]
[WhiteTitle "IM"]
[WhiteElo "2459"]
[BlackElo "2225"]
[WhiteTeam "Yapi Kredi Spor Kulubu"]
[BlackTeam "Mersin Ezgi Satranc Kulubu"]
[WhiteFideId "13400061"]
[BlackFideId "6302785"]
[EventDate "2011.06.28"]

1. e4 e5 2. Nf3 Nc6 3. Bb5 Nf6 4. d3 d6 5. O-O g6 6. c3 Bg7 7. Re1 O-O 8. Nbd2
Nd7 9. Nf1 Nb6 10. d4 Bg4 11. Bxc6 bxc6 12. dxe5 dxe5 13. Qxd8 Rfxd8 14. Be3 f6
15. b3 a5 16. h3 Be6 17. Red1 Bf8 18. Ne1 Rxd1 19. Rxd1 a4 20. c4 axb3 21. axb3
Ra3 22. Rb1 Nd7 23. Bc1 Ra2 24. Nd3 Nc5 25. Nxc5 Ra3 26. Be3 Ra2 27. Bc1 Bxc5
28. Be3 Bb4 29. Ng3 Kf7 30. Kf1 h5 31. Ne2 f5 32. Nc1 Rc2 33. Nd3 Bc3 34. f3 f4
35. Rc1 Rxc1+ 36. Bxc1 g5 37. Ke2 g4 38. hxg4 hxg4 39. Bb2 Bxb2 40. Nxb2 g3 41.
Nd3 Kf6 42. Nb4 Bd7 43. Na6 Ke7 44. Nxc7 Kd6 45. Na6 c5 46. b4 cxb4 47. Nxb4 Kc5
48. Nd5 Bc8 49. Kf1 Ba6 50. Kg1 Bxc4 51. Nf6 Be6 52. Nh7 Kd6 53. Ng5 Bg8 54. Kh1
Ke7 55. Nh3 Kf6 56. Ng1 Bc4 57. Nh3 Kg6 58. Ng1 Kh5 59. Nh3 Kh4 60. Ng1 Bf1 61.
Nh3 Be2 62. Ng1 Bd1 63. Nh3 Bxf3 64. Ng1 Kh5 65. Nh3 Kh4 66. Ng1 Bd1 67. Nh3 Bf3
68. Nxf4 Bxe4 69. Ne6 Kg4 70. Nc5 Bf5 71. Kg1 Kf4 72. Kf1 Ke3 73. Ke1 Bc2 74.
Nd7 Kf4 75. Nxe5 Kxe5 76. Kf1 Bd3+ 77. Kg1 Kf4 78. Kh1 Ke3 79. Kg1 Ke2 80. Kh1
Be4 81. Kg1 Ba8 82. Kh1 Ke1 83. Kg1 Bd5 84. Kh1 Bf3 85. Kg1 Bh5 86. Kh1 Bg4 87.
Kg1 Bc8 88. Kh1 Ke2 89. Kg1 Bf5 90. Kh1 Bh3 91. Kg1 Bg4 92. Kh1 Kf2 1/2-1/2

[Event "TCh-TUR 2011"]
[Site "Konya TUR"]
[Date "2011.07.09"]
[Round "13"]
[White "Duman, Aydin"]
[Black "Yagiz, Yasin Emrah"]
[Result "1-0"]
[BlackTitle "FM"]
[WhiteElo "2188"]
[BlackElo "2256"]
[WhiteTeam "Mersin Ezgi Satranc Kulubu"]
[BlackTeam "Yapi Kredi Spor Kulubu"]
[WhiteFideId "6301304"]
[BlackFideId "6303684"]
[EventDate "2011.06.28"]

1. e4 e6 2. d4 d5 3. Nc3 Bb4 4. e5 c5 5. a3 Bxc3+ 6. bxc3 Qc7 7. Qg4 f5 8. Qh5+
g6 9. Qd1 Ne7 10. Nf3 b6 11. Bg5 h6 12. Bf6 Rh7 13. Bb5+ Bd7 14. Bd3 cxd4 15.
cxd4 Qc3+ 16. Kf1 Nbc6 17. g4 Nxd4 18. Nxd4 Qxd4 19. gxf5 exf5 20. Rb1 Qg4 21.
f3 Qh3+ 22. Kf2 Rf7 23. Rb4 g5 24. Bf1 Qh5 25. Bxe7 Kxe7 26. Qxd5 Rc8 27. Qd6+
Kd8 28. e6 Qg6 29. e7+ Rxe7 30. Qxg6 Rxc2+ 31. Kg1 Re1 32. Rd4 g4 1-0

[Event "TCh-TUR 2011"]
[Site "Konya TUR"]
[Date "2011.07.09"]
[Round "13"]
[White "Khotenashvili, Bela"]
[Black "Nikolova, Adriana"]
[Result "1-0"]
[WhiteTitle "IM"]
[BlackTitle "WIM"]
[WhiteElo "2470"]
[BlackElo "2333"]
[WhiteTeam "Yapi Kredi Spor Kulubu"]
[BlackTeam "Mersin Ezgi Satranc Kulubu"]
[WhiteFideId "13602640"]
[BlackFideId "2908689"]
[EventDate "2011.06.28"]

1. Nf3 Nf6 2. c4 e6 3. g3 Be7 4. Bg2 O-O 5. O-O d5 6. d4 dxc4 7. Qc2 a6 8. a4
Bd7 9. Rd1 Bc6 10. Nc3 a5 11. e4 Na6 12. Ne5 Nb4 13. Qe2 Nd3 14. Nxd3 cxd3 15.
Qxd3 h6 16. Bf4 Nh5 17. Be3 Nf6 18. Rac1 Ng4 19. Bf4 g5 20. Qe2 Nf6 21. Be3 Kg7
22. d5 exd5 23. exd5 Bd7 24. Bd4 Kg8 25. Qe5 Ra6 26. b3 Re8 27. Ne4 Kg7 28. Qxc7
Qxc7 29. Rxc7 Bf5 30. Rxb7 Bxe4 31. Bxe4 Bb4 32. Bd3 Rd6 33. Bc4 Kg6 34. Rb6
Rxb6 35. Bxb6 Re1+ 1-0